000 02737cam a2200169 4500500
005 20251228064129.0
041 _afre
042 _adc
100 1 0 _aDesplanques, Guy
_eauthor
245 0 0 _aLa population française âgée
260 _c2005.
500 _a53
520 _aAu 1er janvier 2005, la France métropolitaine comptait 12,6 millions de personnes de 60 ans et plus, soit 20,8 % de la population. Du fait de l’espérance de vie plus élevée des femmes, cette population est féminine à 57 %. Au cours des cinquante dernières années, la population âgée s’est accrue plus vite que l’ensemble de la population, et ce alors même qu’il s’agissait des plus âgés: la population de 90ans et plus a ainsi été multipliée par neuf. Cette croissance s’est accentuée dans les vingt dernières années. Comparée aux autres pays européens, la France se situe dans une position moyenne: l’Allemagne et l’Italie comptent une part plus importante de personnes âgées, mais l’Irlande ou les Pays-Bas sont plus jeunes. Dans les prochaines décennies, la population âgée va continuer d’augmenter plus vite que l’ensemble de la population: dans tous les scénarios envisagés, la proportion des 60ans et plus dépasserait 30% en2050. Très peu de personnes de ces classes d’âge sont actuellement actives. Sur ce plan, la France se distingue du reste de l’Europe, où l’activité reste plus importante au-dessus de 60 ans.
520 _aThe Elderly Population in France On 1 January 2005, metropolitan France was home to 12.6 million people aged 60 and over, i.e. 20.8% of the population. Because of higher life expectancy among women, this population is 57% female. Over the past fifty years, the elderly population has increased faster than the total population, and particularly at the oldest ages: the number of people aged 90 and over has been multiplied by nine. This increase has sharpened over the past twenty years. Compared with other European countries, France is in a median position: Germany and Italy have a higher proportion of elderly people, but Ireland and the Netherlands have younger populations. Over the next few decades, the elderly population will continue to increase faster than the total population: in all the scenarios envisaged, the proportion of people aged 60 and over is expected to exceed 30% in 2050. Very few people from those age groups are currently working. In that respect, France stands out from the rest of Europe, with a higher rate of working beyond age 60.
786 0 _nRetraite et société | 45 | 2 | 2005-06-01 | p. 9-21 | 1167-4687
856 4 1 _uhttps://shs.cairn.info/revue-retraite-et-societe1-2005-2-page-9?lang=fr&redirect-ssocas=7080
999 _c1589325
_d1589325